LEADER 02277oam 2200673I 450 001 9910463051903321 005 20200520144314.0 010 $a0-203-07981-7 010 $a1-283-86084-8 010 $a1-136-16245-3 024 7 $a10.4324/9780203079812 035 $a(CKB)2670000000299199 035 $a(EBL)1092636 035 $a(OCoLC)820787594 035 $a(SSID)ssj0000785184 035 $a(PQKBManifestationID)12360010 035 $a(PQKBTitleCode)TC0000785184 035 $a(PQKBWorkID)10794842 035 $a(PQKB)11049870 035 $a(MiAaPQ)EBC1092636 035 $a(Au-PeEL)EBL1092636 035 $a(CaPaEBR)ebr10632529 035 $a(CaONFJC)MIL417334 035 $a(OCoLC)823386909 035 $a(OCoLC)900237079 035 $a(EXLCZ)992670000000299199 100 $a20180706d2013 uy 0 101 0 $aeng 135 $aur|n|---||||| 181 $ctxt 182 $cc 183 $acr 200 00$aSociety and democracy in Europe /$fedited by Silke I. Keil and Oscar W. Gabriel 210 1$aMilton Park, Abingdon Oxon ;$aNew York :$cRoutledge,$d2013. 215 $a1 online resource (313 p.) 225 1 $aRoutledge advances in European politics ;$v89 225 0$aRoutledge advances in European politics ;$v89 300 $aDescription based upon print version of record. 311 $a1-138-83023-2 311 $a0-415-52384-2 320 $aIncludes bibliographical references and index. 327 $apt. I. Values -- pt. II. Attitudes -- pt. III. Behaviour. 330 $a"This comparative book examines what kinds of societal forces shape an individuals' relationship towards democratic political life in contemporary Europe."$cProvided by publisher. 410 0$aRoutledge Advances in European Politics 606 $aPolitical participation$zEurope 606 $aDemocracy$zEurope 608 $aElectronic books. 615 0$aPolitical participation 615 0$aDemocracy 676 $a306.3094 701 $aGabriel$b Oscar W.$f1947-$0262873 701 $aKeil$b Silke I.$f1967-$0993996 801 0$bMiAaPQ 801 1$bMiAaPQ 801 2$bMiAaPQ 906 $aBOOK 912 $a9910463051903321 996 $aSociety and democracy in Europe$92276072 997 $aUNINA